Sinh học kỳ quái
Giới thiệu những điều kì lạ trong lịch sử khoa học sinh học: ướp xác của người Ai Cập, y học trung cổ, trích máu, đông lạnh máu...
Đã lưu trong:
| Hovedforfatter: | |
|---|---|
| Format: | Bog |
| Sprog: | Undetermined |
| Udgivet: |
Thành phố Hồ Chí Minh
Trẻ
2013
|
| Fag: | |
| Tags: |
Tilføj Tag
Ingen Tags, Vær først til at tagge denne postø!
|
| Thư viện lưu trữ: | Trung tâm Học liệu Trường Đại học Cần Thơ |
|---|
| LEADER | 00788nam a2200217Ia 4500 | ||
|---|---|---|---|
| 001 | CTU_181178 | ||
| 008 | 210402s9999 xx 000 0 und d | ||
| 020 | |c 27000 | ||
| 082 | |a 570.09 | ||
| 082 | |b T747 | ||
| 100 | |a Townsend, John | ||
| 245 | 0 | |a Sinh học kỳ quái | |
| 245 | 0 | |c John Townsend ; Nguyễn Tuấn Vũ dịch | |
| 260 | |a Thành phố Hồ Chí Minh | ||
| 260 | |b Trẻ | ||
| 260 | |c 2013 | ||
| 520 | |a Giới thiệu những điều kì lạ trong lịch sử khoa học sinh học: ướp xác của người Ai Cập, y học trung cổ, trích máu, đông lạnh máu... | ||
| 650 | |a Biology,Sinh học | ||
| 650 | |x History,Lịch sử | ||
| 904 | |i Hải | ||
| 980 | |a Trung tâm Học liệu Trường Đại học Cần Thơ | ||